<?xml version="1.0" encoding="UTF-8"?>
<record
    xmlns:xsi="http://www.w3.org/2001/XMLSchema-instance"
    xsi:schemaLocation="http://www.loc.gov/MARC21/slim http://www.loc.gov/standards/marcxml/schema/MARC21slim.xsd"
    xmlns="http://www.loc.gov/MARC21/slim">

  <leader>03703nam a2200553Ia 4500</leader>
  <controlfield tag="001">1744</controlfield>
  <controlfield tag="008">241029s9999    xx            000 0 und d</controlfield>
  <datafield tag="010" ind1=" " ind2=" ">
    <subfield code="a">1631</subfield>
  </datafield>
  <datafield tag="041" ind1=" " ind2=" ">
    <subfield code="a">Espa&#xF1;ol</subfield>
  </datafield>
  <datafield tag="082" ind1=" " ind2=" ">
    <subfield code="a">INTEC CBA-0014</subfield>
  </datafield>
  <datafield tag="245" ind1=" " ind2="0">
    <subfield code="a">Aplicaci&#xF3;n de conceptos y estrategias ambientales en el curr&#xED;culo de Ciencias Naturales del Nivel Medio.</subfield>
  </datafield>
  <datafield tag="260" ind1=" " ind2=" ">
    <subfield code="a">Santo Domingo</subfield>
  </datafield>
  <datafield tag="300" ind1=" " ind2=" ">
    <subfield code="a">78</subfield>
  </datafield>
  <datafield tag="520" ind1=" " ind2=" ">
    <subfield code="a">35</subfield>
  </datafield>
  <datafield tag="630" ind1=" " ind2=" ">
    <subfield code="a">Curr&#xED;culo</subfield>
  </datafield>
  <datafield tag="630" ind1=" " ind2=" ">
    <subfield code="a">Educaci&#xF3;n Ambiental</subfield>
  </datafield>
  <datafield tag="630" ind1=" " ind2=" ">
    <subfield code="a">Estrategia</subfield>
  </datafield>
  <datafield tag="630" ind1=" " ind2=" ">
    <subfield code="a">Nivel Medio</subfield>
  </datafield>
  <datafield tag="650" ind1=" " ind2=" ">
    <subfield code="a">Ciencias de la Naturaleza</subfield>
  </datafield>
  <datafield tag="690" ind1=" " ind2=" ">
    <subfield code="a">Sintetizado</subfield>
  </datafield>
  <datafield tag="700" ind1=" " ind2=" ">
    <subfield code="e">asesor</subfield>
    <subfield code="a">Vald&#xE9;z Lorenzo, Luisa M. </subfield>
  </datafield>
  <datafield tag="700" ind1=" " ind2=" ">
    <subfield code="e">autor</subfield>
    <subfield code="a">P&#xE9;rez P&#xE9;rez, &#xC3;&#x81;sia Edalina </subfield>
  </datafield>
  <datafield tag="901" ind1=" " ind2=" ">
    <subfield code="a">{"1":"P&#xE9;rez P&#xE9;rez"}</subfield>
    <subfield code="b">{"1":"&#xC3;&#x81;sia Edalina "}</subfield>
  </datafield>
  <datafield tag="902" ind1=" " ind2=" ">
    <subfield code="a">1</subfield>
  </datafield>
  <datafield tag="903" ind1=" " ind2=" ">
    <subfield code="a">{"1":"Vald&#xE9;z Lorenzo"}</subfield>
    <subfield code="b">{"1":"Luisa M. "}</subfield>
  </datafield>
  <datafield tag="904" ind1=" " ind2=" ">
    <subfield code="a">Maestr&#xED;a en</subfield>
  </datafield>
  <datafield tag="905" ind1=" " ind2=" ">
    <subfield code="a">Ciencias Ambientales</subfield>
  </datafield>
  <datafield tag="906" ind1=" " ind2=" ">
    <subfield code="a">1</subfield>
  </datafield>
  <datafield tag="907" ind1=" " ind2=" ">
    <subfield code="a">Menci&#xF3;n en</subfield>
  </datafield>
  <datafield tag="908" ind1=" " ind2=" ">
    <subfield code="a">Educaci&#xF3;n Ambiental</subfield>
  </datafield>
  <datafield tag="909" ind1=" " ind2=" ">
    <subfield code="a">Instituto Tecnol&#xF3;gico de Santo Domingo (INTEC)</subfield>
  </datafield>
  <datafield tag="910" ind1=" " ind2=" ">
    <subfield code="a">NULL</subfield>
    <subfield code="b">NULL</subfield>
  </datafield>
  <datafield tag="911" ind1=" " ind2=" ">
    <subfield code="a">["1"]</subfield>
  </datafield>
  <datafield tag="912" ind1=" " ind2=" ">
    <subfield code="a">NO APLICA</subfield>
  </datafield>
  <datafield tag="913" ind1=" " ind2=" ">
    <subfield code="a">NULL</subfield>
  </datafield>
  <datafield tag="914" ind1=" " ind2=" ">
    <subfield code="a">01 de Diciembre de 2004</subfield>
  </datafield>
  <datafield tag="915" ind1=" " ind2=" ">
    <subfield code="a">10/11/19 11:11</subfield>
  </datafield>
  <datafield tag="916" ind1=" " ind2=" ">
    <subfield code="a">NULL</subfield>
  </datafield>
  <datafield tag="917" ind1=" " ind2=" ">
    <subfield code="a">NULL</subfield>
  </datafield>
  <datafield tag="918" ind1=" " ind2=" ">
    <subfield code="a">NO APLICA</subfield>
  </datafield>
  <datafield tag="919" ind1=" " ind2=" ">
    <subfield code="a">["52","282","92","240"]</subfield>
  </datafield>
  <datafield tag="520" ind1=" " ind2=" ">
    <subfield code="a">Las autoridades del Sector Educativo Dominicano han tomado una serie de medidas para desarrollar los contenidos y estrategias de Educaci&#xF3;n Ambiental para los estudiantes del Nivel Medio.Sin embargo, puede percibirse el deterioro del ambiente natural alrededor de las escuelas, lo cual se manifiesta en la inexistencia de un sistema eficiente de eliminaci&#xF3;n de la basura producida en las mismas escuelas. El ruido ensordecedor, la deforestaci&#xF3;n del entorno y otros problemas ambientales que perturban el rendimiento escolar.En esta investigaci&#xF3;n, se determin&#xF3; el nivel de aplicaci&#xF3;n de los conceptos sobre Educaci&#xF3;n Ambiental, incluidos en el curr&#xED;culo vigente correspondiente al &#xE1;rea de Ciencias Naturales para el Nivel Medio. Para tales fines, se eligi&#xF3; aleatoriamente un 10% del total de una lista de los dieciocho (18) Liceos del Distrito Escolar 15-02 representado por el Polit&#xE9;cnico Cardenal Sancha (matutino y vespertino) y el Liceo Mar&#xED;a Auxiliadora (nocturno). Se aplic&#xF3; una encuesta a un total de setecientos cuarenta y siete (747) alumnos, nueve (9) profesores, ochenta (80) padres y se entrevist&#xF3; a los dos (2) directores de ambos Liceos.Los resultados obtenidos demuestran que en el curr&#xED;culo de Ciencias Naturales existe un alto contenido de temas relativos a la Educaci&#xF3;n Ambiental. Sin embargo, las estrategias y recursos disponibles usados por los profesores no llenan las expectativas a fin de lograr que los alumnos pongan en pr&#xE1;ctica sus conocimientos ambientales, para el mejoramiento de su entorno escolar.Asimismo, se determin&#xF3; que los contenidos relativos a la Educaci&#xF3;n Ambiental propuestos por el curr&#xED;culo vigente no se est&#xE1;n desarrollando adecuadamente y que las estrategias que se utilizan con mayor frecuencia para el desarrollo de estos contenidos en el aula son el trabajo en grupos y los rincones de Ciencia. Los estudiantes encuestados muestran una actitud positiva respecto a las actividades correspondientes al curr&#xED;culo de Ciencias Naturales y a su formaci&#xF3;n ambiental. No obstante, las actividades que realiza el Centro a a favor de la conservaci&#xF3;n del medio ambiente son espor&#xE1;dicas, entre las que se destacan jornadas de limpieza, ferias cient&#xED;ficas y visitas a las &#xE1;reas protegidas.</subfield>
  </datafield>
  <datafield tag="921" ind1=" " ind2=" ">
    <subfield code="a">16</subfield>
  </datafield>
  <datafield tag="922" ind1=" " ind2=" ">
    <subfield code="a">16</subfield>
  </datafield>
  <datafield tag="923" ind1=" " ind2=" ">
    <subfield code="a">0</subfield>
  </datafield>
  <datafield tag="924" ind1=" " ind2=" ">
    <subfield code="a">NO APLICA</subfield>
  </datafield>
  <datafield tag="942" ind1=" " ind2=" ">
    <subfield code="c">Tesis</subfield>
  </datafield>
  <datafield tag="999" ind1=" " ind2=" ">
    <subfield code="c">1631</subfield>
    <subfield code="d">1631</subfield>
  </datafield>
</record>
